| 000 | 01012nam a2200289 a 4500 | ||
|---|---|---|---|
| 001 | 000011387 | ||
| 003 | DO-SdBNP | ||
| 005 | 20230512122506.0 | ||
| 007 | 000011387 | ||
| 008 | 091016s2006 dr a 000 p spa d | ||
| 020 | _a9945427091 | ||
| 040 |
_aBPMSU _bspa _cBPMSU |
||
| 082 | 4 |
_aRD861.44 _bA197c 2006 _222 |
|
| 100 | 1 |
_aAdames, Julio, _d1962- |
|
| 245 | 1 | 0 |
_aCuerpo en una burbuja : _bpoesia infantil / _cJulio Adames. |
| 260 |
_aSanto Domingo : _bEditora Nacional, _c2006. |
||
| 300 |
_a70 p. : _bil. ; _c23 cm. |
||
| 490 | 0 | _aPremios nacional | |
| 500 | _aIncluye datos biográficos del autor en la solapa de la cubierta. | ||
| 586 | _aPremio nacional de literatura infantil Aurora Tavárez Velliard 2006 | ||
| 590 | _6Inventariado, 2023/VM | ||
| 650 | 4 | _aPoesía infantil dominicana | |
| 650 | 4 | _aLiteratura infantil dominicana | |
| 856 | _3Premios nacional | ||
| 910 | _aVMATEO V./Validado. Control de calidad MFF | ||
| 942 |
_2ddc _cBK |
||
| 999 |
_c7139 _d7139 |
||